00561 2200241 4500001002100000008004100021035002000062245005200082100001700134250000600151260003000157084001400187082000800201650001400209990001200223990001200235990001200247990001200259990001200271990001200283990001200295990001200307INLIS000000000001526 ind  a0010-0125000024 aSchaum'sOutline; Aljabar ElimentercBarnet Rich aRich, Barnet a1 aJakarta :bErlanggac2004 a510 BAR s a510 aNon Fiksi a0714052 a0714053 a0714054 a0714055 a0714056 a0714057 a0714058 a0714059